000 00561nam a2200181Ia 4500
005 20250508154209.0
008 008 250505s9999 xx 000 0 eng d
037 _aBooks to be hide in OPAC
040 _aFEDL
_beng
_cFEDL
041 _aeng
_2eng
084 _a150, AME/O
_qFEDL
100 _aKutner Bernard
_9765185
245 0 _aPsychological monographs: General and applied: Patterns of mental functioning associated with prejudice in children
260 _c1958
300 _a48p.
942 _cHB
_h150, AME/O
999 _c1348466
_d1348466